| LEADER 00000nam 2200000uu 4500 |
| 001 13399111767 |
| 003 BCNR |
| 008 110420s2551||||th 000 0 tha d |
| 041 0 tha
|
| 060 4 WA525^bส275 2551
|
| 245 00 สมรรถนะที่พึงประสงค์สำหรับผู้บริหารสาธารณสุข =^bCore competency for public health administrator /^cสุพร พละเสวีนันท์ และ พิกุล โกสิยานันท์, บรรณาธิการ
|
| 246 31 Core competency for public health administrator
|
| 250 พิมพ์ครั้งที่ 1
|
| 260 [นนทบุรี] :^bวิทยาลัยนักบริหารสาธารณสุข สถาบันพระบรมราชชนก สำนักงานปลัดกระทรวงสาธารณสุข,^c2551
|
| 300 099 หน้า ;^c21 ซม.
|
| 504 บรรณานุกรม : หน้า 89-90
|
| 650 7 สาธารณสุข
|
| 650 7 สมรรถนะ^xผู้บริหารสาธารณสุข
|
| 700 0 สุพร พละเสวีนันท์,^eบรรณาธิการ
|
| 700 0 พิกุล โกสิยานันท์,^eบรรณาธิการ
|
| 710 2 สำนักงานปลัดกระทรวงสาธารณสุข. ^bสถาบันพระบรมราชชนก.^bวิทยาลัยนักบริหารสาธารณสุข
|
| 999 ^aบรรณารักษ์
|